Persépolis /
"'Persépolis' nos cuenta la revolución islámica iraní vista desde los ojos de una niña que asiste atónita al profundo cambio que experimentan su país y su familia, mientras ella debe aprender a llevar el velo. Intensamente personal y profundamente político, el relato autobiográfico de...
Guardado en:
| Autor Principal: | |
|---|---|
| Otros Autores: | |
| Formato: | Libro |
| Idioma: | Spanish French |
| Publicado: |
Buenos Aires :
Reservoir Books,
2024.
|
| Edición: | 3a. ed. en la Argentina bajo este sello. |
| Materias: | |
| Etiquetas: |
Agregar Etiqueta
Sin Etiquetas, Sea el primero en etiquetar este registro!
|
| LEADER | 01531aam a2200361 a 4500 | ||
|---|---|---|---|
| 001 | EUN.eunm009588 | ||
| 007 | ta | ||
| 008 | 230508s2024####ag#a###gr6####000#faspa## | ||
| 005 | 20251113125723.0 | ||
| 245 | 1 | 0 | |a Persépolis / |c Marjane Satrapi ; traducción de Carlos Mayor. |
| 250 | |a 3a. ed. en la Argentina bajo este sello. | ||
| 260 | |a Buenos Aires : |b Reservoir Books, |c 2024. | ||
| 300 | |a [352] p. : |b il. byn ; |c 24 cm. | ||
| 520 | |a "'Persépolis' nos cuenta la revolución islámica iraní vista desde los ojos de una niña que asiste atónita al profundo cambio que experimentan su país y su familia, mientras ella debe aprender a llevar el velo. Intensamente personal y profundamente político, el relato autobiográfico de Marjane Satrapi examina qué significa crecer en un ambiente de guerra y represión."--Tapa posterior. | ||
| 020 | |a 9789873818783 | ||
| 100 | 1 | |a Satrapi, Marjane, |d 1969- |e autora |4 aut | |
| 240 | 1 | 0 | |a Persepolis. |l Español |
| 700 | 1 | |a Mayor, Carlos, |e traductor. |4 trl | |
| 043 | |a a-ir--- | ||
| 080 | |a 821.133.1(55)-31:741.5 |2 2016 | ||
| 080 | |a 929Satrapi, Marjane(0:741.5) |2 2016 | ||
| 082 | 0 | 4 | |a 741.5 |2 21 |
| 650 | 7 | |a Literatura |2 unbist | |
| 650 | 7 | |a Historia |2 unbist | |
| 650 | 7 | |a Siglo xx |2 unbist | |
| 651 | 4 | |a Irán | |
| 655 | 4 | |a Novela gráfica | |
| 655 | 4 | |a Novela autobiográfica | |
| 600 | 1 | 4 | |a Satrapi, Marjane, |d 1969- |
| 040 | |a AR-BaBN |b spa |c AR-BaBN |e aacr |d AR-BaUNS | ||
| 041 | 1 | |a spa |h fre | |
| 044 | |a ag |c ar-c | ||
| 859 | |a AR-BaUNS |b BIB. CENTRAL - Sector A |h 741.5 |i Sa83 |p 129032/025 | ||
